000 01260cam a2200349 a 4500
999 _c529252
_d529252
001 15493246
005 20190923143715.0
008 081017s2010 caua b 001 0 eng
010 _a 2008044384
020 _a9780321550071 (Student ed.)
020 _a0321550072 (Student ed.)
020 _a9780321582027 (Professional copy)
020 _a0321582020 (Professional copy)
035 _a(DNLM)101486954
040 _aDNLM/DLC
_cDLC
_dDLC
042 _apcc
050 0 0 _aQR41.2
_b.T67 2010
082 0 0 _a579
_222
_bTOR
100 1 _aTortora, Gerard J.
_921092
245 1 0 _aMicrobiology :
_ban introduction /
_cGerard J. Tortora, Berdell R. Funke, Christine L. Case.
250 _a10th ed.
260 _aBoston :
_bPearson Benjamin Cummings,
_cc2010.
300 _a1 v. (various pagings) :
_bcol. ill. ;
_c29 cm.
504 _aIncludes bibliographical references and index.
650 0 _aMicrobiology
_vTextbooks.
_92843
650 1 2 _aMicrobiology.
_921093
700 1 _aFunke, Berdell R.
_921094
700 1 _aCase, Christine L.,
_d1948-
_921095
906 _a7
_bcbc
_corignew
_d1
_eecip
_f20
_gy-gencatlg
942 _2ddc
_cBK